| 000 | 00555nam a22001937a 4500 | ||
|---|---|---|---|
| 003 | BUBTL | ||
| 008 | 200924b xxu||||| |||| 00| 0 eng d | ||
| 020 | _a978-984-33-4250-8 | ||
| 082 | _a657/ROP | ||
| 100 |
_aRouf, Md. Abdur _93545 |
||
| 245 |
_aPrinciples of Accounting/Theory and Practice _bMd. Abdur Rouf |
||
| 250 | _a1st | ||
| 260 |
_aDhaka _bHazi Book Depot Publication _cc2012 |
||
| 300 |
_a[xvi], 592p . : _bill . ; 23cm. |
||
| 650 |
_aAccounting _93546 |
||
| 856 |
_k0 _l0 _yDownload |
||
| 942 |
_2ddc _cBK |
||
| 999 |
_c6384 _d6384 |
||